Największe aktualne miasta na terenach Imperium Rzymskiego - Statystyki

Ogólne statystyki
  • Ten quiz został rozwiązany 412 razy
  • Średni wynik to 8 z 15
Statystyki odpowiedzi
Ludność Nazwa % Poprawnych
2 865 234 Rzym
97%
3 182 981 Madryt
92%
2 206 488 Paryż
91%
14 804 116 Stambuł
89%
20 439 541 Kair
85%
8 787 892 Londyn
85%
4 417 522 Ankara
72%
2 364 230 Algier
62%
4 546 231 Aleksandria
50%
2 220 000 Trypolis
40%
2 060 363 Bejrut
23%
2 803 418 Izmir
19%
2 367 000 Amman
16%
3 087 878 Giza
11%
1 959 515 Aleppo
9%
Nie znaleziono quizów pasujących do podanych kryteriów
Rozkład punktacji
Procent ludzi z każdym wynikiem
Percentyl według liczby udzielonych odpowiedzi
Twoja historia wyników
Nie rozwiązałeś tego quizu